Undertale map quiz - Statistics

General Stats
  • This quiz has been taken 99 times
  • The average score is 6 of 7
Answers on the Map
Answers color-coded by a green-red scale on the quiz's map according to % correct below.
 
Answer Stats
Locations % Correct
Ruins
99%
Snowdin
97%
Waterfall
96%
Hotland
94%
The Core
77%
New Home
62%
True Lab
48%
No matching quizzes found
Score Distribution
Percent of People with Each Score
Percentile by Number Answered
Your Score History
You have not taken this quiz